Statistics for F1 Season: 1961 Race Winners

Click here to take the quiz!

General Stats

  • This quiz has been taken 61 times
  • The average score is 6 of 8

Answer Stats

Grand PrixDriver% Correct
ItalianPhil Hill
98%
BelgianPhil Hill
98%
MonacoStirling Moss
81%
GermanStirling Moss
81%
DutchWolfgang von Trips
73%
BritishWolfgang von Trips
73%
FrenchGiancarlo Baghetti
37%
United StatesInnes Ireland
37%

Score Distribution

Percentile by Number Answered

Percent of People with Each Score

Your Score History

You have not taken this quiz